00485 a2200169 4500001000700000020002200007040003500029100002500064240002700089245002200116300000800138362000900146697002400155942000700179952011000186999001900296157565 a978-65-87724-28-7 cEscola São Tomás de Aquino aAGUIAR, Luiz Antonio10aA ilha do tesourolpor10aA ilha do tesouro a1210 a2023 a*LITERATURA JUVENIL cBK 00104070a12.22b12.22d2024-04-30l0o028.54 AGU ILHpEST00012590r2024-04-30 22:15:03w2024-04-30yBK c157565d157565